Countries That Have Beaten Mexico At FIFA World Cup - Statistics

General Stats
  • This quiz has been taken 50 times
  • The average score is 26 of 30
Answer Stats
Year Score Country % Correct
1930 3 - 6 Argentina
100%
2006 1 - 2 Argentina
100%
2010 1 - 3 Argentina
100%
2022 0 - 2 Argentina
100%
1950 0 - 4 Brazil
98%
1954 0 - 5 Brazil
98%
1962 0 - 2 Brazil
98%
2018 0 - 2 Brazil
98%
1978 0 - 6 Germany
98%
1986 (1) - (4) Germany
98%
1998 1 - 2 Germany
98%
1930 1 - 4 France
95%
1954 2 - 3 France
95%
2002 0 - 2 United States
93%
1966 0 - 2 England
90%
1970 1 - 4 Italy
90%
1962 0 - 1 Spain
90%
1958 0 - 3 Sweden
90%
2018 0 - 3 Sweden
90%
2010 0 - 1 Uruguay
90%
1930 0 - 3 Chile
88%
2014 1 - 2 Netherlands
88%
2006 1 - 2 Portugal
88%
1978 1 - 3 Poland
80%
1950 1 - 4 Yugoslavia
70%
1994 (1) - (3) Bulgaria
65%
1958 0 - 4 Hungary
63%
1994 0 - 1 Norway
63%
1950 1 - 2 Switzerland
60%
1978 1 - 3 Tunisia
33%
No matching quizzes found
Score Distribution
Percent of People with Each Score
Percentile by Number Answered
Your Score History
You have not taken this quiz